|
|
|
|
| LEADER |
01254nam a2200313 a 4500 |
| 001 |
16899800 |
| 008 |
120325s2011 waua 001 0 eng |
| 010 |
|
|
|a 2011288067
|
| 020 |
|
|
|a 9788120342613
|
| 020 |
|
|
|a 9780735627338 (pbk.)
|
| 020 |
|
|
|a 0735627339 (pbk.)
|
| 040 |
|
|
|a UKM
|c UKM
|d BTCTA
|d ZPX
|d JAO
|d YDXCP
|d IBI
|d BWX
|d CDX
|d WEA
|d DLC
|d BD-DhAAL
|
| 042 |
|
|
|a lccopycat
|
| 050 |
0 |
0 |
|a TK5105.875.I6
|b C68 2010
|
| 082 |
0 |
4 |
|a 004.682
|2 22
|
| 100 |
1 |
|
|a Coventry, Penelope.
|
| 245 |
1 |
0 |
|a Microsoft SharePoint Designer 2010 :
|b step by step /
|c by Penelope Coventry.
|
| 260 |
|
|
|a Redmond, Wash. :
|b Microsoft ;
|a Sebastopol, Calif. :
|b O'Reilly ;
|a New Delhi :
|b PHI Learning Pvt. Ltd.,
|c c2011.
|
| 300 |
|
|
|a xxxv, 554 p. :
|b ill. ;
|c 23 cm.
|
| 490 |
1 |
|
|a Step by step (Redmond, Wash.)
|
| 500 |
|
|
|a Includes index.
|
| 541 |
|
|
|e 00024832
|
| 630 |
0 |
0 |
|a Microsoft SharePoint (Electronic resource)
|
| 650 |
|
0 |
|a Intranets (Computer networks)
|
| 650 |
|
0 |
|a Web servers.
|
| 830 |
|
0 |
|a Step by step (Redmond, Wash.)
|
| 852 |
1 |
|
|a Ayesha Abed Library
|c General shelf.
|
| 999 |
|
|
|c 12032
|d 12032
|
| 952 |
|
|
|0 0
|1 0
|2 ddc
|4 0
|6 004_682000000000000_COV
|7 0
|9 19813
|a BRACUL
|b BRACUL
|c GEN
|d 2012-03-24
|e TRIM EDUCATION
|g 875.00
|l 0
|o 004.682 COV
|p 3010024832
|r 2012-03-27
|t 1
|w 2012-03-27
|y BK
|